| 000 | 00982nam a22002297i 4500 | ||
|---|---|---|---|
| 003 | URS | ||
| 005 | 20240416181758.0 | ||
| 050 | 0 | 0 |
_aLB 1564 _bL11 2015 |
| 100 | 1 | _aLasaca,Chelou D. | |
| 245 | 1 | 0 |
_aPublic elementary school music teacher's competencies/ _cLasaca, Chelou D. |
| 260 | _c2015 | ||
| 300 |
_axiv,116 leaves: _billustrations, _c28 cm. |
||
| 336 |
_2rdacontent _atext |
||
| 337 |
_2rdamedia _aunmediated |
||
| 338 |
_2rdacarrier _avolume |
||
| 502 |
_aGraduate Study Thesis _bMaster of Arts in Education Major in Educational Management _cUniversity of Rizal System, Rodriguez _d2015 |
||
| 520 | _aThe primary objective of the study was to evaluate the competencies of the public elementary school teachers of music for the first semester of School year 2012-2013. | ||
| 650 | _2School music--Instruction and study. | ||
| 650 | _2Music Teacher-competency. | ||
| 856 |
_3Online Request for Student Unpublished Works _uhttps://forms.gle/7LqvGGkaDrUQqz429 |
||
| 942 |
_2lcc _cT |
||
| 999 |
_c77547 _d77546 |
||